| 000 | 01207nam2a22002291 4500 | ||
|---|---|---|---|
| 001 | rc\999147 | ||
| 005 | 20250622104318.0 | ||
| 035 | _a(NLR Aleph) 006246853 | ||
| 090 |
_a6716575 _c6716575 |
||
| 100 | _a20041129d1981 |||y0rusy50 ca | ||
| 101 | 0 | _arus | |
| 102 | _aRU | ||
| 105 | _ay ||||||||| | ||
| 200 | 0 |
_a... за 1977-1980 гг. _f[Сост. к. х. н. Л.М. Виноградов и др.] |
|
| 210 |
_d1981 _aБ. м. |
||
| 215 | _a84 с. | ||
| 461 | 0 |
_1001rc\999146 _12001#$aСжигание твердого топлива в псевдоожиженном слое$eАннот. библиогр. указ. лит...$fАН БССР, Ин-т тепло- и массообмена им. А.В. Лыкова$g[Ред. к. х. н. Л.М. Виноградов]$v... за 1977-1980 гг. _96716569 _cМинск _d1981 _fАН БССР, Ин-т тепло- и массообмена им. А.В. Лыкова _nИТМО _oАннот. библиогр. указ. лит... _tСжигание твердого топлива в псевдоожиженном слое _v... за 1977-1980 гг. |
|
| 801 | 0 |
_aRU _bNLR _gpsbo |
|
| 801 | 1 |
_aRU _bELAR _2rusmarc |
|
| 852 |
_aNLR _bС _jК-1/927 |
||
| 942 | _cBOOK | ||
| 980 | _aNB | ||